00315nam a2200133Ia 45000030006000000080041000060400015000471000021000622450031000832500010001142600028001245460012001520050017001640STCL150530s9999 xx 000 0 und d aSTCLcSTCL aTillyard, E.M.W. aShakespeares Problem plays aFirst bChatto and Windusc1951 aEnglish20220125170953.0